Sóstó-egyháza puszta
Elmentve itt :
| Dokumentumtípus: | Könyv része |
|---|---|
| Megjelent: |
1901
|
| Sorozat: | Hód-Mező-Vásárhely története : a hon ezer éves fennállása emlékezetére
2 |
| Kulcsszavak: | Hódmezővásárhely helytörténet, Sóstó-egyháza puszta |
| Online Access: | http://misc.bibl.u-szeged.hu/2957 |
| LEADER | 00577naa a2200157 i 4500 | ||
|---|---|---|---|
| 001 | misc2957 | ||
| 005 | 20200430141338.0 | ||
| 008 | 170607s1901 hu o 0|| hun d | ||
| 040 | |a SZTE Miscellanea Repozitórium |b hun | ||
| 041 | |a hun | ||
| 245 | 0 | 0 | |a Sóstó-egyháza puszta |h [elektronikus dokumentum] |
| 260 | |c 1901 | ||
| 300 | |a 416 | ||
| 490 | 0 | |a Hód-Mező-Vásárhely története : a hon ezer éves fennállása emlékezetére |v 2 | |
| 695 | |a Hódmezővásárhely helytörténet, Sóstó-egyháza puszta | ||
| 856 | 4 | 0 | |u http://misc.bibl.u-szeged.hu/2957/1/hod_002_416.pdf |z Dokumentum-elérés |